| 000 | 00627nam a22001937a 4500 | ||
|---|---|---|---|
| 005 | 20160627150055.0 | ||
| 010 | _aENG-115321 | ||
| 020 |
_a9789351438953 _c475.00 |
||
| 035 | _aEN-98853 | ||
| 037 | _bDBAD/PUB | ||
| 082 | _a346.5407 | ||
| 100 | _aVohra,Amit | ||
| 245 |
_aEconomic and commercial laws : _bwith chart analysis of concepts sections, rules and cases _cby Amit Vohra |
||
| 250 | _a2nd edition | ||
| 260 |
_aGurgaon _bLaxisNaxis _c2016 |
||
| 270 |
_a14th floor,Buiding N0-10,Tower-B,DLF Cyber City,Phase-II _bGurgaon _e122002 |
||
| 300 |
_a492p. _c27cm(pbk) |
||
| 942 |
_2ddc _cEN _mVOH _h346.5407 |
||
| 999 |
_c100438 _d100438 |
||